00283nam a2200109Ia 4500008004100000245003900041260003300080260000900113300001100122500001300133650002700146170224s9999 xx 000 0 und d aOn the Translation of an Autograph bPhilippine Computing Journal c2013 aVIII:2 aDecember xInformation Technology